Estudios sobre lenguas indígenas sudamericanas /

Guardado en:
Autor Principal: Suarez, Jorge A.
Formato: Libro
Publicado: Bah¡a Blanca : Universidad Naciónal del Sur / Departamento de Humanidades, 1988
Etiquetas: Agregar Etiqueta
Sin Etiquetas, Sea el primero en etiquetar este registro!
LEADER 00468nam a22001455a 4500
001 CEM.cems007269
005 20060214000000.0
008 130507s1988##################000#0#####d
003 CEMS
082 0 4 |a 498 
100 1 |a Suarez, Jorge A. 
245 1 0 |a Estudios sobre lenguas indígenas sudamericanas / 
260 |a Bah¡a Blanca :  |b Universidad Naciónal del Sur / Departamento de Humanidades,  |c 1988 
300 |a 127 p.1 
859 |a CEMS  |b BIB. CEMS - 11 de abril  |h 498  |i Su13  |p 17085.93  |t Ej.1